Livelihood diversification and landlessness in rural Bangladesh / (Record no. 1710)

MARC details
000 -LEADER
fixed length control field 00799cam a2200217 a 4500
001 - CONTROL NUMBER
control field 14999990
005 - DATE AND TIME OF LATEST TRANSACTION
control field 20250518045635.0
008 - FIXED-LENGTH DATA ELEMENTS--GENERAL INFORMATION
fixed length control field 070910s2007 bg ab b 001 0 eng
020 ## - INTERNATIONAL STANDARD BOOK NUMBER
International Standard Book Number 984051783X
040 ## - CATALOGING SOURCE
Original cataloging agency BD-DhJNU
Language of cataloging ENG
Transcribing agency BD-DhJNU
Modifying agency BD-DhJNU
082 00 - DEWEY DECIMAL CLASSIFICATION NUMBER
Classification number 307.72 MAL
Edition number 23
100 1# - MAIN ENTRY--PERSONAL NAME
Personal name Makita, Rie.
245 10 - TITLE STATEMENT
Title Livelihood diversification and landlessness in rural Bangladesh /
Statement of responsibility, etc. Rie Makita
260 ## - PUBLICATION, DISTRIBUTION, ETC.
Place of publication, distribution, etc. Dhaka :
Name of publisher, distributor, etc. University Press,
Date of publication, distribution, etc. 2007.
300 ## - PHYSICAL DESCRIPTION
Extent xxii, 326 p. :
Other physical details ill., maps ;
Dimensions 22 cm.
500 ## - GENERAL NOTE
General note Originally presented as the author's thesis (Australian Nat. U., 2006).
504 ## - BIBLIOGRAPHY, ETC. NOTE
Bibliography, etc. note Includes bibliographical references (p. [303]-318) and index.
650 #0 - SUBJECT ADDED ENTRY--TOPICAL TERM
Topical term or geographic name entry element Rural poor
Geographic subdivision Bangladesh
-- Dhunat Upazila.
650 #0 - SUBJECT ADDED ENTRY--TOPICAL TERM
Topical term or geographic name entry element Manpower policy, Rural
Geographic subdivision Bangladesh
-- Dhunat Upazila.
942 ## - ADDED ENTRY ELEMENTS (KOHA)
Koha item type Books
Holdings
Withdrawn status Lost status Source of classification or shelving scheme Damaged status Not for loan Collection Home library Current library Shelving location Date acquired Source of acquisition Total checkouts Full call number Barcode Date last seen Copy number Price effective from Koha item type
    Dewey Decimal Classification     Non-fiction Jagannath University Central Library Jagannath University Central Library General stacks 05/18/2025 Purchased   307.72 MAL JNUCL17517 05/18/2025 1 05/18/2025 Books